000 00856cab a2200265 4500
001 ABS47350
008 090401t1992 xxu||||| |||| 00| 0 eng d
035 _a(Sirsi) u61706
041 _aeng
100 _aWaters, J.
245 _aAsset valuation : who may value what
260 _c1992
350 _a0
490 _aCS Monthly : General Practice
_v2(2) October 1992, 4(1)
520 _aExplains the rules, under SAVP no 8 of the Red Book, as to who can carry out asset valuations to be included or referred to in any published document.
650 _aASSET VALUATION
650 _aASSET VALUERS
650 _aMENTOR
650 _aRICS APPRAISAL AND VALUATION MANUAL
650 _aSAVP NO 8
650 _aSTATEMENTS OF ASSET VALUATION PRACTICE AND GUIDANCE NOTES
690 _aRATING AND VALUATION
942 _n0
948 _c04/03/1997
999 _c38272
_d38272